000 00490nam a2200217Ia 4500
008 210210b1911 xxu||||| |||| 00| 0 eng d
041 _aeng
082 _a825/223
100 _aCOURTHOPE (W J)
245 _aHistory of English poetry Vol IV
260 _aLondon
_bMacmillan & Co. Ltd.
_c1911
440 _aIV
650 _aVol
650 _apoetry
650 _aof
650 _aIV
650 _aHistory
650 _aEnglish
690 _aEnglish Criticism
906 _a014540
999 _c133732
_d133732